The Floods : (Record no. 9470)

000 -LEADER
fixed length control field 00459nam a22001457a 4500
008 - FIXED-LENGTH DATA ELEMENTS--GENERAL INFORMATION
fixed length control field 151027b xxu||||| |||| 00| 0 eng d
020 ## - INTERNATIONAL STANDARD BOOK NUMBER
International Standard Book Number 9789966463791
050 ## - LIBRARY OF CONGRESS CALL NUMBER
Classification number AFR PR 9402.9 .R81 1988
100 ## - MAIN ENTRY--PERSONAL NAME
Personal name Ruganda, John.
245 ## - TITLE STATEMENT
Title The Floods :
Statement of responsibility, etc. a play /
260 ## - PUBLICATION, DISTRIBUTION, ETC. (IMPRINT)
Place of publication, distribution, etc. Nairobi :
Name of publisher, distributor, etc. East African Educational Publishers,
Date of publication, distribution, etc. 1988.
300 ## - PHYSICAL DESCRIPTION
Extent 156p. ;
650 ## - SUBJECT ADDED ENTRY--TOPICAL TERM
Topical term or geographic name as entry element African-literature
650 ## - SUBJECT ADDED ENTRY--TOPICAL TERM
Topical term or geographic name as entry element African drama
942 ## - ADDED ENTRY ELEMENTS (KOHA)
Source of classification or shelving scheme
Koha item type Africana (Books)
Classification part AFR PR 9402.9 .R81 1988
Holdings
Withdrawn status Lost status Source of classification or shelving scheme Damaged status Not for loan Home library Current library Shelving location Date acquired Source of acquisition Total Checkouts Full call number Barcode Date last seen Date last checked out Price effective from Koha item type
          MACHAKOS UNIVERSITY LIBRARY MACHAKOS UNIVERSITY LIBRARY Africana 27/10/2015 Purchase (Textbook Centre) 136 AFR PR 9402.9 R81 1988 17164 14/04/2026 14/04/2026 27/10/2015 Africana (Books)
          MACHAKOS UNIVERSITY LIBRARY MACHAKOS UNIVERSITY LIBRARY Africana 03/05/2019 Purchase (Textbook Centre) 58 AFR PR 9402.9 R81 1988 38582 13/03/2026 13/03/2026 03/05/2019 Africana (Books)
          MACHAKOS UNIVERSITY LIBRARY MACHAKOS UNIVERSITY LIBRARY Africana 03/05/2019 Purchase (Textbook Centre) 58 AFR PR 9402.9 .R81 1988 38583 14/04/2026 14/04/2026 03/05/2019 Africana (Books)
          MACHAKOS UNIVERSITY LIBRARY MACHAKOS UNIVERSITY LIBRARY Africana 12/08/2024 falcon 18 AFR PR 9402.9 R81 1988 40022 16/04/2026 16/04/2026 12/08/2024 Africana (Books)
© Machakos University Library, Along The Highway, Machakos Wote Rd, Machakos, Kenya P.O. Box 136 - 90100 Machakos - Kenya

Tel: ( +254 ) 723 805829 OR Fax : 044-20353 OR Email: library@mksu.ac.ke